Wszyscy rywale reprezentacji polski w piłkę nożną - Statystyki

Ogólne statystyki
  • Ten quiz został rozwiązany 481 razy
    440 od ostatniego zresetowania
  • Średni wynik to 65 z 99
Statystyki odpowiedzi
Reprezentacja % Poprawnych
Niemcy
91%
Francja
89%
Portugalia
89%
Anglia
88%
Argentyna
88%
Brazylia
87%
Hiszpania
87%
Rosja
87%
Czechy
86%
Szwecja
86%
Ukraina
84%
Belgia
83%
Słowacja
83%
Holandia
82%
Norwegia
82%
Japonia
81%
Meksyk
80%
Chorwacja
79%
Finlandia
79%
Litwa
79%
San Marino
79%
Włochy
79%
Albania
78%
Austria
78%
Dania
78%
Irlandia
78%
Łotwa
78%
Szkocja
78%
USA
78%
Estonia
77%
Słowenia
77%
Białoruś
76%
Grecja
76%
Szwajcaria
76%
Walia
75%
Andora
74%
Kanada
74%
Turcja
74%
Arabia Saudyjska
73%
Australia
73%
Chiny
73%
Korea Południowa
73%
Węgry
73%
Kolumbia
71%
Mołdawia
71%
Senegal
71%
Chile
69%
Serbia
69%
Egipt
68%
Rumunia
68%
Peru
67%
Irlandia Północna
66%
Islandia
66%
Bośnia i Hercegowina
65%
Bułgaria
65%
Urugwaj
65%
Kazachstan
64%
Maroko
64%
Czarnogóra
62%
Korea Północna
62%
RPA
62%
Gruzja
61%
Liechtenstein
61%
Luksemburg
61%
Ekwador
60%
Nigeria
60%
Macedonia
59%
Armenia
58%
Iran
58%
Kostaryka
58%
Nowa Zelandia
56%
Tunezja
56%
Algieria
55%
Irak
55%
Izrael
55%
Indie
54%
Malta
54%
Azerbejdżan
53%
Wyspy Owcze
53%
Haiti
52%
Kamerun
52%
Paragwaj
52%
Boliwia
51%
Cypr
50%
Jugosławia
47%
ZSRR
47%
Ghana
46%
Kuba
46%
Gibraltar
44%
Katar
44%
WKS
41%
Tajlandia
38%
Libia
36%
RFN
36%
NRD
32%
ZEA
31%
Kuwejt
27%
Gwatemala
24%
Singapur
24%
Nie znaleziono quizów pasujących do podanych kryteriów
Rozkład punktacji
Procent ludzi z każdym wynikiem
Percentyl według liczby udzielonych odpowiedzi
Twoja historia wyników
Nie rozwiązałeś tego quizu od ostatniego zresetowania